• 首页
  • 本馆介绍
  • 公告通知
  • 最新文献
  • 馆藏检索
  • 电子资源
  • 读者导购
  • 参考咨询
  • 我的图书馆
  • 登录
  • 详细信息显示
  • 放入我的书架
  • 预约/预借图书
  • 作者相关作品
  • 分类相关作品
  • 丛书相关作品
  • 出版社相关作品

书目信息

  • 表格格式
  • 工作单格式
  • 卡片格式
题名:
世界电影手册
    
 
作者: ;中国电影出版社外国电影艺术编辑室 编
分册: 上册  
出版信息: 北京   中国电影出版社  1998.11
页数: 662页
开本: 20cm
丛书名:
单 册:
中图分类: J991
科图分类:
主题词: 影片--简介--世界--1990~1994
电子资源:
ISBN: 7-106-01251-3
000 00602nam0 2200205 45
001 0006271074
005 20040324141800.2
010    @a7-106-01251-3@dCNY80.00
100    @a20000627d1998 km y0chiy0120 ea
101    @achi
105    @a z 000yy
200 1  @a世界电影手册@e90~94@h上册@f中国电影出版社外国电影艺术编辑室编
210    @a北京@c中国电影出版社@d1998.11
215    @a662页@d20cm
517    @a90~94
606 0  @a影片@x简介@y世界@z1990~1994
690    @aJ991@v1
711 02 @a中国电影出版社外国电影艺术编辑室@4编
801    @aCN@bTSTC@c20000703
905    @f2@b289386-387@dJ991@e58(90-94):1
    
    世界电影手册:90~94.上册/中国电影出版社外国电影艺术编辑室编.-北京:中国电影出版社,1998.11
    662页;20cm
    
    
    ISBN 7-106-01251-3:CNY80.00
    
●
相关链接 在E读中查询图书 在五车中查询图书 在当当中查询图书 在豆瓣中查询图书


正题名:世界电影手册     索取号:J991/58(90-94):1         预约/预借

序号 登录号 条形码 馆藏地/架位号 状态 备注
1 0289386   002893863   第一借阅区/ [索取号:J991/58(90-94):1] 在馆    
2 0289387   002893872   第一样本阅览室/ [索取号:J991/58(90-94):1] 在馆    
唐山师范学院图书馆 欢迎您!
大连网信软件有限公司© 版权所有